00679nam a2200205Ia 4500003000900000008004100009020001800050040001600068080001100084245010400095260003800199300001500237650001900252650002600271650003000297700003300327942000700360999001700367952008900384IN-BaIIA211028s9999 xx 000 0 eng d a81-900825-6-6 cIIA Library a2bMUR 0aInternational caliber - 2003bmapping technology on libraries and peoplecedited by T. A. V. Murthy aAhmedabadbINFLIBNET Centrec2003 axvi, 728p. aCaliber927217 aLibrary Science98327 aMapping Technology927218 aMurthy, T. A. V., ed.927219 cBK c15007d15007 00104070aBANbBANcGENd2003-03-27l0o02/ MURp15929r2021-11-05w2003-03-27yBK